[Event "KM 2022 Bronshoj Lang Weekend"]
[Site "Bronshoj"]
[Date "2022.02.14"]
[Round "6"]
[White "Fredericia, Louise Winther"]
[Black "Petersen, Peter Birk"]
[Result "1/2-1/2"]
[WhiteElo "1960"]
[BlackElo "2157"]
[PlyCount "104"]
[EventDate "2022.02.11"]
[EventType "swiss"]
[EventRounds "7"]
[EventCountry "DEN"]

1. e4 c5 2. Nf3 e6 3. g3 Nc6 4. Bg2 Nf6 5. d3 d5 6. Nbd2 Be7 7. O-O O-O 8. e5
Nd7 9. Re1 b5 10. c4 Rb8 11. Qe2 bxc4 12. dxc4 Nb6 13. cxd5 exd5 14. Nf1 Nb4
15. a3 Ba6 16. Qd1 Nd3 17. Re3 Nxc1 18. Rxc1 d4 19. Re4 Bb7 20. Rg4 Qd7 21. Bh3
Qd5 22. N1d2 Bc8 23. Qe2 Bxg4 24. Bxg4 Na4 25. b3 Nc3 26. Qd3 Kh8 27. Rxc3 Rbd8
28. Rc1 f6 29. Re1 g6 30. exf6 Bxf6 31. Ne4 Rde8 32. Nxf6 Rxe1+ 33. Nxe1 Rxf6
34. Bf3 Qe5 35. Qe4 Qxe4 36. Bxe4 Ra6 37. Nd3 Rxa3 38. Nxc5 Kg7 39. Bd5 Kf6 40.
Bc4 Ra2 41. Kf1 g5 42. h3 h5 43. Ke1 h4 44. gxh4 gxh4 45. Kf1 Ke5 46. Kg2 Rc2
47. Kf3 a5 48. Nd3+ Kf5 49. Bd5 Rc3 50. Ke2 Rc2+ 51. Kf3 Rc3 52. Ke2 Rc2+
1/2-1/2

[Event "KM 2022 Bronshoj Lang Weekend"]
[Site "Bronshoj"]
[Date "2022.02.14"]
[Round "7"]
[White "Vasli, Aref"]
[Black "Hoi, Carsten"]
[Result "0-1"]
[WhiteElo "2379"]
[BlackElo "2343"]
[PlyCount "86"]
[EventDate "2022.02.11"]
[EventType "swiss"]
[EventRounds "7"]
[EventCountry "DEN"]

1. e4 d6 2. d4 g6 3. c3 Nf6 4. Bd3 Bg7 5. Nf3 O-O 6. O-O Nc6 7. h3 e5 8. Bg5 h6
9. Be3 Re8 10. d5 Ne7 11. c4 Nh5 12. Nc3 Nf4 13. Bc2 g5 14. Ne1 Neg6 15. f3 h5
16. Qd2 Bh6 17. Kf2 g4 18. Rh1 Qh4+ 19. g3 Nxh3+ 20. Kg2 Bxe3 21. Qxe3 Qf6 22.
Nd3 gxf3+ 23. Qxf3 Qxf3+ 24. Kxf3 Kg7 25. Ke3 a6 26. c5 Bg4 27. Bd1 Rf8 28.
Bxg4 hxg4 29. Raf1 Ne7 30. cxd6 cxd6 31. Nf2 Nxf2 32. Rxf2 f5 33. Rh5 Kg6 34.
Rfh2 f4+ 35. Kf2 Ng8 36. Rh7 Nf6 37. Rxb7 Rab8 38. Rxb8 Rxb8 39. Kg1 Nh5 40.
gxf4 exf4 41. Re2 f3 42. Rd2 g3 43. e5 Nf4 0-1

[Event "KM 2022 Bronshoj Lang Weekend"]
[Site "Bronshoj"]
[Date "2022.02.14"]
[Round "7"]
[White "Nielsen, Viktor Haarmark"]
[Black "Kistrup, Nicolai"]
[Result "1/2-1/2"]
[WhiteElo "2267"]
[BlackElo "2316"]
[PlyCount "118"]
[EventDate "2022.02.11"]
[EventType "swiss"]
[EventRounds "7"]
[EventCountry "DEN"]

1. e4 e5 2. Nf3 Nc6 3. Bb5 a6 4. Ba4 Nf6 5. O-O Be7 6. d3 b5 7. Bb3 d6 8. c3
O-O 9. a4 Bd7 10. Bc2 Re8 11. Re1 h6 12. Nbd2 Bf8 13. h3 Rb8 14. Nf1 b4 15. d4
bxc3 16. bxc3 exd4 17. cxd4 Nb4 18. Bb1 d5 19. e5 Ne4 20. Bb2 c5 21. dxc5 Bxc5
22. Bd4 Qb6 23. a5 Qa7 24. Bxc5 Qxc5 25. Qd4 Nc6 26. Qxc5 Nxc5 27. Rd1 Nxe5 28.
Nxe5 Rxe5 29. Ba2 Be6 30. Ne3 Nb3 31. Rab1 d4 32. Rxd4 Rxa5 33. Rd2 Rab5 34.
Rd6 R8b6 35. Rd8+ Kh7 36. Nc2 Nd4 37. Rxb5 axb5 38. Nb4 Bxa2 39. Nxa2 Ne6 40.
Rd2 b4 41. Rb2 b3 42. Nc1 Nd4 43. Kf1 Rc6 44. Ne2 Nxe2 45. Kxe2 Rb6 46. Kd3 Kg6
47. Kc3 Kf5 48. Rxb3 Rxb3+ 49. Kxb3 Ke4 50. Kc3 f5 51. Kd2 f4 52. f3+ Kd4 53.
Ke2 g5 54. Kd2 h5 55. Ke2 Kc3 56. Ke1 Kd3 57. Kf2 Kd2 58. Kf1 Ke3 59. Ke1 h4
1/2-1/2

[Event "KM 2022 Bronshoj Lang Weekend"]
[Site "Bronshoj"]
[Date "2022.02.14"]
[Round "7"]
[White "Haubro, Martin"]
[Black "Nielsen, Thomas Bach"]
[Result "1-0"]
[WhiteElo "2399"]
[BlackElo "2170"]
[PlyCount "93"]
[EventDate "2022.02.11"]
[EventType "swiss"]
[EventRounds "7"]
[EventCountry "DEN"]

1. e4 c6 2. d4 d5 3. e5 Bf5 4. Nd2 e6 5. Nb3 Ne7 6. Nf3 Nd7 7. Be2 Nc8 8. O-O
Be7 9. a4 O-O 10. a5 a6 11. Be3 Na7 12. c3 Qc7 13. Ne1 c5 14. f4 Nb5 15. Bg4
cxd4 16. cxd4 Bxg4 17. Qxg4 f5 18. exf6 Rxf6 19. Rc1 Qd8 20. Nd3 Rc8 21. Rxc8
Qxc8 22. Rc1 Qd8 23. Bd2 Nd6 24. Bb4 Nc4 25. Bxe7 Qxe7 26. Re1 Rg6 27. Qf3 Qf6
28. f5 Qxf5 29. Qxf5 exf5 30. Re7 Rd6 31. Nbc5 Nf8 32. Nxb7 Rd7 33. Rxd7 Nxd7
34. b4 Kf7 35. Nbc5 Nb8 36. Nf4 Ne3 37. Kf2 Nc2 38. Nxd5 Nc6 39. Nxa6 Ke6 40.
Nac7+ Kd6 41. a6 N2xd4 42. b5 Nxb5 43. Nxb5+ Kxd5 44. a7 Nxa7 45. Nxa7 g5 46.
Kf3 h5 47. h4 1-0

[Event "KM 2022 Bronshoj Lang Weekend"]
[Site "Bronshoj"]
[Date "2022.02.14"]
[Round "7"]
[White "Meskenas, Paulius"]
[Black "Jacobsen, Mikkel Manosri"]
[Result "1/2-1/2"]
[WhiteElo "2157"]
[BlackElo "2240"]
[PlyCount "103"]
[EventDate "2022.02.11"]
[EventType "swiss"]
[EventRounds "7"]
[EventCountry "DEN"]

1. e4 c5 2. Nf3 Nf6 3. Nc3 d5 4. exd5 Nxd5 5. Nxd5 Qxd5 6. d4 Bg4 7. Be2 cxd4
8. c3 Nc6 9. O-O d3 10. Qxd3 Qxd3 11. Bxd3 Bxf3 12. gxf3 e6 13. Bf4 g5 14. Bg3
f5 15. f4 h6 16. Rae1 Kf7 17. Bc4 Re8 18. fxg5 hxg5 19. f4 g4 20. b4 Rh6 21.
Re2 Bg7 22. Re3 Rc8 23. Rc1 Nd8 24. Rd3 Rxc4 25. Rxd8 Bxc3 26. Rcd1 Rh8 27.
R1d7+ Kg6 28. Rxh8 Bxh8 29. Rxb7 Bd4+ 30. Kf1 Rc2 31. Re7 e5 32. Re6+ Kf7 33.
Rd6 exf4 34. Rxd4 fxg3 35. hxg3 Rxa2 36. Rd6 Ke7 37. Rc6 Kd7 38. Rf6 Ra4 39. b5
Ra5 40. Rxf5 a6 41. Rg5 axb5 42. Rxg4 Ra4 43. Rg6 Kc7 44. Ke2 Rd4 45. Ke3 Rd8
46. Ke2 b4 47. Rg4 Rb8 48. Kd2 Kd6 49. Rg5 Rc8 50. Rb5 Rc3 51. Rxb4 Rxg3 52.
Rb5 1/2-1/2

[Event "KM 2022 Bronshoj Lang Weekend"]
[Site "Bronshoj"]
[Date "2022.02.14"]
[Round "7"]
[White "Thorsbro, Peter"]
[Black "Jaques, Hannibal Valeur"]
[Result "1-0"]
[WhiteElo "2199"]
[BlackElo "1989"]
[PlyCount "51"]
[EventDate "2022.02.11"]
[EventType "swiss"]
[EventRounds "7"]
[EventCountry "DEN"]

1. d4 d5 2. c4 c6 3. g3 Nf6 4. Bg2 Bf5 5. Nf3 e6 6. O-O Bd6 7. b3 Nbd7 8. Bb2
h6 9. Nbd2 O-O 10. h3 Qc7 11. c5 Be7 12. b4 a5 13. a3 b5 14. Bc3 a4 15. Ne5
Nxe5 16. dxe5 Nd7 17. f4 f6 18. e4 dxe4 19. Nxe4 fxe5 20. fxe5 Bxe4 21. Rxf8+
Rxf8 22. Bxe4 Nxe5 23. Kg2 Nc4 24. Qd3 Bf6 25. Rf1 Bxc3 26. Bh7+ 1-0

[Event "KM 2022 Bronshoj Lang Weekend"]
[Site "Bronshoj"]
[Date "2022.02.14"]
[Round "7"]
[White "Thuesen, Mogens Henrik"]
[Black "Tillo, Sune"]
[Result "1/2-1/2"]
[WhiteElo "2160"]
[BlackElo "1929"]
[PlyCount "81"]
[EventDate "2022.02.11"]
[EventType "swiss"]
[EventRounds "7"]
[EventCountry "DEN"]

1. d4 d5 2. c4 c6 3. Nf3 Nf6 4. Nc3 e6 5. Bg5 Be7 6. e3 Ne4 7. Bxe7 Qxe7 8. Bd3
Nxc3 9. bxc3 O-O 10. O-O Nd7 11. Qc2 g6 12. cxd5 exd5 13. Rab1 Nf6 14. Rb2 Kg7
15. Ne5 Ng4 16. Nxg4 Bxg4 17. Rfb1 b5 18. Re1 Be6 19. f3 f5 20. Qc1 Qd7 21.
Rbe2 Rf7 22. Qa3 Qe7 23. Qb2 Qd7 24. Qa3 Qe7 25. Qxe7 Rxe7 26. e4 fxe4 27. fxe4
Bg4 28. Rf2 dxe4 29. Rxe4 Rxe4 30. Bxe4 Bd7 31. Bf3 Re8 32. Rc2 a5 33. Kf2 Kf6
34. a3 Ke6 35. c4 Kd6 36. cxb5 cxb5 37. Rc5 Rc8 38. Rd5+ Ke7 39. Re5+ Kd6 40.
Rd5+ Ke7 41. Re5+ 1/2-1/2

[Event "KM 2022 Bronshoj Lang Weekend"]
[Site "Bronshoj"]
[Date "2022.02.14"]
[Round "7"]
[White "Iskos, Lukas"]
[Black "Fredericia, Louise Winther"]
[Result "0-1"]
[WhiteElo "2064"]
[BlackElo "1960"]
[PlyCount "86"]
[EventDate "2022.02.11"]
[EventType "swiss"]
[EventRounds "7"]
[EventCountry "DEN"]

1. d4 e6 2. Bf4 f5 3. Nf3 Nf6 4. c4 Bb4+ 5. Bd2 Qe7 6. a3 Bxd2+ 7. Nbxd2 b6 8.
e3 Bb7 9. Be2 O-O 10. O-O d6 11. Qc2 Nbd7 12. b4 Ne4 13. Rfc1 c5 14. Rab1 cxd4
15. exd4 Ndf6 16. Bd3 Rac8 17. Qa4 Ng4 18. Be2 Ngxf2 19. Qxa7 b5 20. c5 dxc5
21. bxc5 Ra8 22. Qb6 Bd5 23. Bxb5 Rfb8 24. Bc6 Rxb6 25. cxb6 Rb8 26. Bxd5 exd5
27. Nxe4 Nxe4 28. Ne5 Qxa3 29. h3 Nc3 30. Nd7 Rb7 31. Nc5 Rxb6 32. Rxb6 Qxc1+
33. Kh2 Qf4+ 34. Kh1 h6 35. Nd7 h5 36. Ne5 Qf1+ 37. Kh2 Ne2 38. Nf3 Nxd4 39.
Rb8+ Kh7 40. Ng5+ Kg6 41. Rb6+ Kxg5 42. h4+ Kf4 43. Rb2 Ne2 0-1